Modern educational measurement : (Record no. 2207)
[ view plain ]
| 000 -LEADER | |
|---|---|
| fixed length control field | 00670nam a22002172 4500 |
| 001 - CONTROL NUMBER | |
| control field | 0000003639 |
| 005 - DATE AND TIME OF LATEST TRANSACTION | |
| control field | 20151217145739.0 |
| 008 - FIXED-LENGTH DATA ELEMENTS--GENERAL INFORMATION | |
| fixed length control field | 070511s xx 000 0 eng d |
| 020 ## - INTERNATIONAL STANDARD BOOK NUMBER | |
| International Standard Book Number | 0205287700 : |
| Terms of availability | GBP 38.99 |
| 040 ## - CATALOGING SOURCE | |
| Original cataloging agency | KABU |
| Transcribing agency | KABU |
| 050 #0 - LIBRARY OF CONGRESS CALL NUMBER | |
| Classification number | LB3051 |
| Item number | .P67 2000 |
| 100 1# - MAIN ENTRY--PERSONAL NAME | |
| Personal name | Popham, W. James. |
| -- | 0000134132 |
| 245 10 - TITLE STATEMENT | |
| Title | Modern educational measurement : |
| Remainder of title | practical guidelines for educational leaders. |
| 250 ## - EDITION STATEMENT | |
| Edition statement | 3rd ed. |
| 260 ## - PUBLICATION, DISTRIBUTION, ETC. (IMPRINT) | |
| Place of publication, distribution, etc. | Boston : |
| Name of publisher, distributor, etc. | Allyn & Bacon, |
| Date of publication, distribution, etc. | 2000. |
| 300 ## - PHYSICAL DESCRIPTION | |
| Extent | xii, 466 p. |
| 650 #0 - SUBJECT ADDED ENTRY--TOPICAL TERM | |
| Topical term or geographic name as entry element | Educational tests and measurements. |
| -- | 0000153581 |
| 908 ## - PUT COMMAND PARAMETER (RLIN) | |
| Put command parameter | 070511 |
| 950 ## - LOCAL HOLDINGS (RLIN) | |
| -- | 1 |
| Withdrawn status | Lost status | Source of classification or shelving scheme | Not for loan | Home library | Current library | Date acquired | Total Checkouts | Full call number | Barcode | Date last seen | Date last checked out | Price effective from | Koha item type |
|---|---|---|---|---|---|---|---|---|---|---|---|---|---|
| Library of Congress Classification | Kabarak, Main Campus | Kabarak, Main Campus | 17/12/2015 | 1 | LB3051 .P67 2000 | 007803 | 24/02/2016 | 19/02/2016 | 17/12/2015 | General Collection |